<?xml version="1.0" encoding="UTF-8"?>
<record
    xmlns:xsi="http://www.w3.org/2001/XMLSchema-instance"
    xsi:schemaLocation="http://www.loc.gov/MARC21/slim http://www.loc.gov/standards/marcxml/schema/MARC21slim.xsd"
    xmlns="http://www.loc.gov/MARC21/slim">

  <leader>00959nam a22002657a 4500</leader>
  <controlfield tag="005">20240530110405.0</controlfield>
  <controlfield tag="008">150131s2011    ua     g      000 0 ara d</controlfield>
  <datafield tag="017" ind1=" " ind2=" ">
    <subfield code="a">8642/2011</subfield>
    <subfield code="b">&#x645;&#x635;&#x631; . &#x62F;&#x627;&#x631; &#x627;&#x644;&#x643;&#x62A;&#x628; &#x627;&#x644;&#x645;&#x635;&#x631;&#x64A;&#x629;</subfield>
  </datafield>
  <datafield tag="020" ind1=" " ind2=" ">
    <subfield code="a">9789771808077</subfield>
  </datafield>
  <datafield tag="040" ind1=" " ind2=" ">
    <subfield code="a">EG-CaGPL</subfield>
  </datafield>
  <datafield tag="041" ind1="0" ind2=" ">
    <subfield code="a">ara</subfield>
  </datafield>
  <datafield tag="082" ind1="0" ind2="4">
    <subfield code="2">21</subfield>
    <subfield code="a">303.64\</subfield>
    <subfield code="b">&#x623; &#x631;</subfield>
  </datafield>
  <datafield tag="100" ind1="1" ind2=" ">
    <subfield code="a">&#x627;&#x631;&#x64A;&#x646;&#x62F;&#x62A; &#x60C; &#x62D;&#x646;&#x647;</subfield>
  </datafield>
  <datafield tag="245" ind1="1" ind2="0">
    <subfield code="a">&#x631;&#x627;&#x649; &#x641;&#x649; &#x627;&#x644;&#x62B;&#x648;&#x631;&#x627;&#x62A; /</subfield>
    <subfield code="c">&#x62D;&#x646;&#x647; &#x627;&#x631;&#x64A;&#x646;&#x62F;&#x62A; &#x61B; &#x62A;&#x639;&#x631;&#x64A;&#x628; &#x648;&#x62A;&#x639;&#x644;&#x64A;&#x642; &#x62E;&#x64A;&#x631;&#x649; &#x62D;&#x645;&#x627;&#x62F;</subfield>
  </datafield>
  <datafield tag="260" ind1=" " ind2=" ">
    <subfield code="a">&#x627;&#x644;&#x642;&#x627;&#x647;&#x631;&#x629; :</subfield>
    <subfield code="b">&#x62F;&#x627;&#x631; &#x627;&#x644;&#x643;&#x62A;&#x628; &#x648;&#x627;&#x644;&#x648;&#x62B;&#x627;&#x626;&#x642; &#x627;&#x644;&#x642;&#x648;&#x645;&#x64A;&#x629; &#x628;&#x627;&#x644;&#x642;&#x627;&#x647;&#x631;&#x629; &#x60C;</subfield>
    <subfield code="c">2011</subfield>
  </datafield>
  <datafield tag="300" ind1=" " ind2=" ">
    <subfield code="a">333 &#x635; &#x61B;</subfield>
    <subfield code="c">22 &#x633;&#x645;</subfield>
  </datafield>
  <datafield tag="490" ind1="0" ind2=" ">
    <subfield code="a">&#x627;&#x644;&#x62B;&#x648;&#x631;&#x629; &#x648;&#x627;&#x644;&#x62D;&#x631;&#x64A;&#x629; </subfield>
    <subfield code="v">5</subfield>
  </datafield>
  <datafield tag="650" ind1="0" ind2="4">
    <subfield code="a">&#x627;&#x644;&#x62B;&#x648;&#x631;&#x627;&#x62A;</subfield>
  </datafield>
  <datafield tag="650" ind1="0" ind2="4">
    <subfield code="a">&#x627;&#x644;&#x62D;&#x631;&#x628; &#x627;&#x644;&#x627;&#x647;&#x644;&#x64A;&#x629;</subfield>
  </datafield>
  <datafield tag="650" ind1="0" ind2="4">
    <subfield code="a">&#x627;&#x644;&#x62A;&#x645;&#x631;&#x62F; &#x648;&#x627;&#x644;&#x639;&#x635;&#x64A;&#x627;&#x646;</subfield>
  </datafield>
  <datafield tag="650" ind1="0" ind2="4">
    <subfield code="a">&#x627;&#x644;&#x627;&#x646;&#x642;&#x644;&#x627;&#x628; &#x627;&#x644;&#x639;&#x633;&#x643;&#x631;&#x649;</subfield>
  </datafield>
  <datafield tag="700" ind1="0" ind2=" ">
    <subfield code="a">&#x62E;&#x64A;&#x631;&#x649; &#x62D;&#x645;&#x627;&#x62F;</subfield>
    <subfield code="e">&#x645;&#x639;&#x631;&#x628; &#x648;&#x645;&#x639;&#x644;&#x642;</subfield>
  </datafield>
  <datafield tag="942" ind1=" " ind2=" ">
    <subfield code="2">ddc</subfield>
    <subfield code="c">BK</subfield>
  </datafield>
  <datafield tag="999" ind1=" " ind2=" ">
    <subfield code="c">60332</subfield>
    <subfield code="d">60332</subfield>
  </datafield>
  <datafield tag="952" ind1=" " ind2=" ">
    <subfield code="0">0</subfield>
    <subfield code="1">0</subfield>
    <subfield code="4">0</subfield>
    <subfield code="7">0</subfield>
    <subfield code="a">CAI</subfield>
    <subfield code="b">CAI</subfield>
    <subfield code="d">2015-01-31</subfield>
    <subfield code="l">0</subfield>
    <subfield code="o">303.64\ &#x623; &#x631;</subfield>
    <subfield code="p">159357</subfield>
    <subfield code="r">2015-01-31 00:00:00</subfield>
    <subfield code="w">2015-01-31</subfield>
    <subfield code="y">BK</subfield>
  </datafield>
</record>
